[Event "AUTO-OPEN-4603"]
[Site "http://www.queenalice.com/game.php?id=1859951"]
[Date "2025.7.15"]
[Round "1"]
[White "Zero007"]
[Black "BeatifulDevil56"]
[Result "1-0"]
[WhiteElo "2037"]
[BlackElo "2168"]

1. e4 e6 2. d4 d5 3. Nc3 Nf6 4. Bd3 Bb4 5. e5 Nfd7 6. Nf3 c5 7. Bb5 Nc6 8. Bxc6
bxc6 9. O-O O-O 10. Ne2 c4 11. a3 Be7 12. c3 c5 13. Qc2 Rb8 14. Bf4 cxd4 15.
Nexd4 Qc7 16. Rfb1 a5 17. a4 f6 18. Nxe6 1-0

[Event "AUTO-OPEN-4603"]
[Site "http://www.queenalice.com/game.php?id=1859952"]
[Date "2025.7.15"]
[Round "1"]
[White "BeatifulDevil56"]
[Black "Zero007"]
[Result "1-0"]
[WhiteElo "2124"]
[BlackElo "2051"]

1. c4 c5 2. Nc3 Nf6 3. Nf3 g6 4. d4 cxd4 5. Nxd4 Bg7 6. f3 O-O 7. e4 e5 8. Nc2
a6 9. Bg5 h6 10. Be3 d6 11. Bd3 Nc6 12. Qd2 Kh7 13. Nd5 Nxd5 14. cxd5 Ne7 15.
O-O f5 16. f4 fxe4 17. Bxe4 Bf5 18. Bxf5 Nxf5 19. Qb4 Rc8 20. Bb6 Qh4 21. Qe4
Rce8 22. Rae1 Qe7 23. g4 exf4 24. Qxf4 Be5 25. gxf5 Bxf4 26. Rxe7+ Rxe7 27. Rxf4
Rxf5 28. Rxf5 gxf5 29. Kf2 Kg6 30. Kf3 Re5 31. Ne3 1-0

[Event "AUTO-OPEN-4560"]
[Site "http://www.queenalice.com/game.php?id=1860408"]
[Date "2025.7.22"]
[Round "3"]
[White "CCapivara"]
[Black "BeatifulDevil56"]
[Result "1-0"]
[WhiteElo "2309"]
[BlackElo "2172"]

1. e4 e6 2. d4 d5 3. exd5 exd5 4. Nf3 Nf6 5. Bd3 Bd6 6. O-O O-O 7. Bg5 Re8 8.
Nbd2 Nbd7 9. c3 Be7 10. Re1 h6 11. Bh4 c6 12. Qc2 a5 13. Re2 Bd6 14. Rae1 Rxe2
15. Rxe2 c5 16. dxc5 Bxc5 17. Nb3 Bd6 18. Nbd4 Nc5 19. Bxf6 gxf6 20. Bf5 Bf8 21.
Qd2 Bxf5 22. Nxf5 1-0

[Event "AUTO-OPEN-4560"]
[Site "http://www.queenalice.com/game.php?id=1860409"]
[Date "2025.7.22"]
[Round "3"]
[White "BeatifulDevil56"]
[Black "CCapivara"]
[Result "1/2-1/2"]
[WhiteElo "2162"]
[BlackElo "2273"]

1. c4 e5 2. Nc3 f5 3. e3 Nf6 4. d4 e4 5. Be2 Bb4 6. Nh3 Bxc3+ 7. bxc3 O-O 8. c5
d6 9. cxd6 Qxd6 10. O-O Kh8 11. c4 c6 12. Qb3 b6 13. Ba3 c5 14. Rfd1 Qc7 15.
dxc5 bxc5 16. Nf4 Na6 17. Nd5 Nxd5 18. Rxd5 Be6 19. Rd2 Rad8 20. Rxd8 Rxd8 21.
Rd1 Rxd1+ 22. Qxd1 Kg8 23. Qa4 Qc8 24. Qb5 Kf7 25. h3 Kf6 1/2-1/2

[Event "AUTO-OPEN-4560"]
[Site "http://www.queenalice.com/game.php?id=1860412"]
[Date "2025.7.22"]
[Round "3"]
[White "BeatifulDevil56"]
[Black "delphicoracle"]
[Result "0-1"]
[WhiteElo "2149"]
[BlackElo "2695"]

1. c4 b6 2. Nf3 Bb7 3. Nc3 e6 4. e4 Bb4 5. d3 Ne7 6. Qc2 c5 7. Bd2 O-O 8. Nb5
Bxd2+ 9. Qxd2 d5 10. exd5 a6 11. Nc3 exd5 12. d4 dxc4 13. Bxc4 Bxf3 14. gxf3
cxd4 15. O-O-O Nbc6 16. Ne4 b5 17. Bd3 f5 18. Ng5 Qd5 19. Kb1 Ng6 20. Rhe1 Nge5
21. Be2 Nc4 22. Bxc4 bxc4 23. Ne6 Rab8 0-1

[Event "AUTO-OPEN-4585"]
[Site "http://www.queenalice.com/game.php?id=1862240"]
[Date "2025.8.29"]
[Round "2"]
[White "silverado"]
[Black "BeatifulDevil56"]
[Result "0-1"]
[WhiteElo "1990"]
[BlackElo "2165"]

1. d4 Nc6 2. c3 d5 3. h3 e5 4. e3 Be6 5. a3 Bd6 6. dxe5 Bxe5 7. f4 Qh4+ 8. Ke2
d4 9. fxe5 Bc4+ 10. Kf3 Nxe5# 0-1

[Event "AUTO-OPEN-4585"]
[Site "http://www.queenalice.com/game.php?id=1862241"]
[Date "2025.8.29"]
[Round "2"]
[White "BeatifulDevil56"]
[Black "silverado"]
[Result "1-0"]
[WhiteElo "2157"]
[BlackElo "2033"]

1. c4 d5 2. cxd5 Qxd5 3. Nc3 Qc6 4. e3 a6 5. d4 e6 6. Nf3 Bb4 7. Bd2 Nf6 8. Qb3
Qd6 9. Bd3 O-O 10. Ne4 Bxd2+ 11. Kxd2 Nxe4+ 12. Bxe4 Nc6 13. Rac1 Qb4+ 14. Qxb4
Nxb4 15. a3 Nd5 16. Bxd5 exd5 17. Rxc7 b5 18. Rhc1 Bf5 19. Ne5 h6 20. Re7 f6 21.
Nd3 g5 22. Rcc7 Kh8 23. Nb4 Rfd8 24. Rc5 Rdc8 25. Rxc8+ Rxc8 26. Nxd5 Rc2+ 27.
Ke1 Rc6 28. Rf7 Be6 29. Nb4 Rc1+ 30. Kd2 Rb1 31. Kc2 Rxb2+ 32. Kxb2 Bxf7 33.
Nxa6 Bc4 34. Kc3 Bf1 35. g3 Kg7 36. Kb4 Kf7 37. Nc7 Ke7 38. Nxb5 Kd7 39. Kc5 f5
40. a4 Bg2 41. Kb6 Bc6 42. a5 h5 43. Nc7 Bf3 44. a6 Kd6 45. a7 f4 46. d5 1-0

[Event "AUTO-MASTER-3286"]
[Site "http://www.queenalice.com/game.php?id=1864690"]
[Date "2025.10.24"]
[Round "1"]
[White "JailtonMaster"]
[Black "BeatifulDevil56"]
[Result "1-0"]
[WhiteElo "2213"]
[BlackElo "2165"]

1. d4 d5 2. c4 dxc4 3. Nf3 Bg4 4. e3 Nf6 5. Bxc4 e6 6. O-O Bd6 7. Nc3 O-O 8. h3
Bxf3 9. Qxf3 c6 10. e4 Nbd7 11. e5 Nxe5 12. dxe5 Bxe5 13. Bg5 h6 14. Bh4 Qd4 15.
Bxf6 Bxf6 16. Bd3 Kh8 17. Rad1 Rad8 18. Bg6 Qb6 19. Rxd8 Qxd8 20. Be4 Qd2 21.
Rb1 Bxc3 22. Qxc3 Qxc3 23. bxc3 f5 24. Bf3 1-0

[Event "AUTO-MASTER-3286"]
[Site "http://www.queenalice.com/game.php?id=1864691"]
[Date "2025.10.24"]
[Round "1"]
[White "BeatifulDevil56"]
[Black "JailtonMaster"]
[Result "1-0"]
[WhiteElo "2143"]
[BlackElo "2207"]

1. e4 e5 2. Nc3 Nc6 3. d3 Nf6 4. f4 Bb4 5. fxe5 Nxe5 6. Nf3 Bxc3+ 7. bxc3 d6 8.
Nxe5 dxe5 9. Ba3 Be6 10. Be2 Ng4 11. g3 Ne3 12. Qd2 Qg5 13. Bc5 Ng2+ 14. Kd1 Qf6
15. Rf1 Qg6 16. Bf3 b6 17. Ba3 1-0

[Event "AUTO-OPEN-4621"]
[Site "http://www.queenalice.com/game.php?id=1864789"]
[Date "2025.10.28"]
[Round "1"]
[White "SGF"]
[Black "BeatifulDevil56"]
[Result "0-1"]
[WhiteElo "1764"]
[BlackElo "2158"]

1. e4 e6 2. Qf3 c5 3. e5 Qc7 4. Qg3 Nc6 5. c3 Qxe5+ 6. Qxe5 Nxe5 7. f3 d5 8.
Bb5+ Bd7 9. Bxd7+ Nxd7 10. Ne2 c4 11. Nd4 Bc5 12. b4 cxb3 13. Nxb3 b6 14. a4 Ne7
15. d4 Bd6 16. a5 O-O 17. g3 b5 18. Bf4 Bxf4 19. gxf4 Nf5 20. Kf2 a6 21. Nc5
Nxc5 22. dxc5 Rac8 23. Nd2 Rxc5 24. Rhc1 Rfc8 25. Nb3 Rxc3 26. Rxc3 Rxc3 27. Nd2
Nd4 28. h4 Rc2 29. Ke3 Nf5+ 30. Kd3 Rc6 31. Nb3 Nxh4 32. Ke3 Rc3+ 33. Kf2 Rxb3
34. Rc1 Rxf3+ 35. Ke2 g6 36. Rc6 Rxf4 37. Rxa6 Ra4 38. Ra8+ Kg7 39. a6 Nf5 40.
a7 Nd6 41. Kd2 Nc4+ 42. Kc3 b4+ 43. Kb3 h5 44. Kxa4 Nb6+ 45. Kxb4 Nxa8 46. Kc5
h4 47. Kc6 h3 48. Kb7 h2 49. Kxa8 h1=Q 50. Kb7 d4+ 51. Kb8 d3 52. a8=Q Qxa8+ 53.
Kxa8 d2 54. Kb8 d1=Q 55. Kc7 Kf6 56. Kc6 Ke7 57. Kc5 Qd5+ 58. Kb4 Qc6 59. Kb3
Kd6 60. Kb4 Kd5 61. Kb3 Kd4 62. Kb4 Qc4+ 63. Ka5 Qb3 64. Ka6 Kc5 65. Ka7 Kc6 66.
Ka8 Qb7# 0-1

[Event "AUTO-OPEN-4621"]
[Site "http://www.queenalice.com/game.php?id=1864790"]
[Date "2025.10.28"]
[Round "1"]
[White "BeatifulDevil56"]
[Black "SGF"]
[Result "1/2-1/2"]
[WhiteElo "2154"]
[BlackElo "1757"]

1. b3 e5 2. c4 Qf6 3. Bb2 Bc5 4. Nf3 d6 5. Nc3 a5 6. Nd5 Qd8 7. e3 Ne7 8. d4
exd4 9. Nxd4 Nxd5 10. cxd5 O-O 11. Bc4 Re8 12. O-O Qd7 13. Rc1 Bxd4 14. Qxd4 f6
15. a4 Qe7 16. Rfe1 Qe4 17. Qxe4 Rxe4 18. Bd3 Rb4 19. Bc4 c5 20. f4 g5 21. Bxf6
Bf5 22. Bxg5 Nd7 23. e4 Bg6 24. Be7 Rb6 25. Rc3 Re8 26. f5 Rxe7 27. fxg6 hxg6
28. Rf3 Ne5 29. Rc3 Nxc4 30. bxc4 Rb4 31. Kf2 Rxa4 32. Kf3 Rf7+ 33. Ke3 g5 34.
Re2 Rb4 35. e5 dxe5 36. Ke4 a4 37. d6 Kf8 38. Kxe5 Ke8 39. Kd5+ Kd7 40. Kxc5 Rb3
41. Rxb3 axb3 42. g4 Rf6 43. Rd2 Rf4 44. Re2 b6+ 45. Kd5 Rf7 46. Rb2 Rf4 47. h3
Rf3 48. Ke5 Rxh3 49. Kd5 Rg3 50. Ke5 Rxg4 51. Rxb3 Rxc4 52. Rxb6 Rc5+ 53. Kd4
Rc6 54. Rb7+ Kxd6 55. Rb5 g4 56. Rg5 Rb6 57. Kc4 Rc6+ 58. Kd3 Rc1 59. Rxg4 Ke5
60. Re4+ Kd5 61. Kd2 Rc4 62. Rxc4 Kxc4 63. Ke3 Kd5 1/2-1/2

[Event "AUTO-OPEN-4621"]
[Site "http://www.queenalice.com/game.php?id=1864833"]
[Date "2025.10.28"]
[Round "1"]
[White "BeatifulDevil56"]
[Black "mvson33"]
[Result "0-1"]
[WhiteElo "2164"]
[BlackElo "1860"]

1. b3 e5 2. d4 exd4 3. Qxd4 Nf6 4. Bg5 Be7 5. Nf3 O-O 6. Qb2 d6 7. Nc3 Nc6 8.
O-O-O Bg4 9. Bxf6 Bxf6 10. a3 Be6 11. h3 Qe7 12. e3 Rad8 13. g4 g6 14. Rd3 Bg7
15. Qb1 Ne5 16. Nxe5 Bxe5 17. Bg2 Qf6 18. Nd1 Qe7 19. Bxb7 Bg7 20. Bd5 Bxd5 21.
Rxd5 Qe4 0-1

[Event "AUTO-OPEN-4621"]
[Site "http://www.queenalice.com/game.php?id=1864834"]
[Date "2025.10.28"]
[Round "1"]
[White "mvson33"]
[Black "BeatifulDevil56"]
[Result "0-1"]
[WhiteElo "1886"]
[BlackElo "2154"]

1. Nf3 d5 2. d4 Nf6 3. e3 Bf5 4. Be2 e6 5. O-O h6 6. Nc3 Ne4 7. Bd2 Nxd2 8. Qxd2
Nc6 9. Bd3 Qf6 10. Nb5 Bd6 11. Nxd6+ cxd6 12. Bxf5 Qxf5 13. c3 Na5 14. Rad1 Nc4
15. Qc1 O-O 16. Nd2 b5 17. Nf3 a5 18. Rfe1 Rfb8 19. Nd2 b4 20. cxb4 Rxb4 21.
Nxc4 dxc4 22. Qd2 d5 23. a3 Rb5 24. Rc1 Rab8 25. Rc2 Rb3 26. Qc1 a4 27. h3 g5
28. Rc3 Rxb2 29. Qd1 Qxf2+ 0-1